Statistics for Word Chain - Songs

Click here to take the quiz!

General Stats

  • This quiz has been taken 237 times
  • The average score is 10 of 22

Answer Stats

Artist Hint Song % Correct
RihannaIt doesn't matter if it rainsUmbrella
87%
Katy PerryShe got up and now she's a championRoar
65%
The EaglesNo spirit there since 1969Hotel California
65%
Aretha FranklinBaby, she got itRespect
56%
GotyeHis ex-girlfriend and he failed to keep in touchSomebody That I Used To Know
55%
ABBARock, jive and tambourine make for a good nightDancing Queen
55%
Green DayHe's not part of a redneck agendaAmerican Idiot
54%
U2No matter what, he can't liveWith or Without You
52%
Hozier"They were born sick!"Take Me To Church
51%
QueenHe's claiming to be having a real good timeDon't Stop Me Now
49%
Lady GagaThis boy keeps calling Gaga's nameAlejandro
49%
WheatusHe's got tickets for an Iron Maiden gig on FridayTeenage Dirtbag
41%
Michael JacksonAn explanation of a situation he found himself inBillie Jean
41%
BlondieShe's gonna find him, get him, meet himOne Way Or Another
39%
Christina AguileraLet's not bring her down todayBeautiful
37%
Avril LavigneThere's a poor girl out there being vilified by AvrilGirlfriend
37%
EminemMom's spaghettiLose Yourself
35%
BeyoncéThe three years marriage ultimatum ran outSingle Ladies
32%
Linkin ParkHe's trying to make sense of his lethargic feelingsNumb
23%
MetallicaHe's explaining his nihilist stancesNothing Else Matters
12%
Nina SimoneShe's taking pleasure in everything around herFeeling Good
10%
The OffspringSome of his friends aren't assertive enoughWhy Don't You Get a Job?
7%

Score Distribution

Percentile by Number Answered

Percent of People with Each Score

Your Score History

You have not taken this quiz